Дело о производстве ремонтных работ по дому Дирекции близ Александринского театра по подпискам художника Зиновьева, штукатурных ...

Доступно только в Электронных читальных залах Найти на картеНа карте
RUSMARC
00003817nmc2a22000003x 450
001dbd7cdd0-655c-41ba-9c38-fbf1c5f6fd22
00520181221181100.0
100##$a20170621l18441844k l0rusy0189 ca
1010#$arus
102##$aRU
2001#$aДело о производстве ремонтных работ по дому Дирекции близ Александринского театра по подпискам художника Зиновьева, штукатурных и малярных, и кровельных работ купеческим сыном Алексеем Кукиным
$j1-7 августа 1844 г.
251##$cДело
300##$aПо Санкт-Петербургской дирекции
300##$aДело
801#0$aRU
$bРГИА
$c20170621
$gRCR
801#1$aRU
$bГлавНИВЦ
$c20170621
$2rusmarc
801#2$aRU
$bПБ им. Б.Н. Ельцина
$c20181221
$gRCR
$2rusmarc
850##$aРГИА
852##$aРГИА
$eФедеральное казенное учреждение "Российский государственный исторический архив" (РГИА)
$j10003
937##$hРГИА
$d12242134
$aASBIBLIO_SCAN
462#0$1001dd3991dc-24e1-42ec-8838-ca4255420416
$12001
$a1746-1850 гг.
$1251
$cОпись
$1852
$j1
461#0$10019264ebf8-de62-4f1a-9eb4-9f22098dbbd5
$12001
$aДирекция императорских театров МИДв
$1251
$cФонд
$1852
$j497
215##$a50 л.
$d36,5х26 см
371##$aДокумент не является опубликованным и широко распространяемым
105##$ay###
1222#$ad
035##$adbd7cdd0-655c-41ba-9c38-fbf1c5f6fd22
856##$uhttp://readingroom.main.prlib.ru/item.aspx?id_node=n122174780&mode=full
Формат отображения